Statistics for Top 20 Most Populous Islands

Click here to take the quiz!

General Stats

  • This quiz has been taken 259 times
  • The average score is 14 of 20

Answer Stats

PopulationIsland% Correct
139,449,000Java
89%
11,150,000Cuba
88%
104,000,000Honshu
88%
20,714,000Madagascar
88%
60,800,000Great Britain
82%
6,381,000Ireland
82%
20,860,000Sri Lanka
81%
23,232,000Taiwan
81%
21,528,000Borneo
79%
5,444,000Hokkaido
79%
47,010,000Sumatra
79%
19,920,000Hispaniola
70%
48,521,000Luzon
66%
9.426,000New Guinea
63%
17,360,000Sulawesi
57%
13,200,000Kyushu
54%
20,365,000Mindanao
50%
8,672,000Hainan
40%
7,687,000Long Island
35%
15,112,000Salsette
16%

Score Distribution

Percentile by Number Answered

Percent of People with Each Score

Your Score History

You have not taken this quiz